They call it love (Record no. 4727)

MARC details
000 -CABECERA
campo de control de longitud fija 02006cam a2200313 i 4500
001 - NÚMERO DE CONTROL
campo de control 22786988
005 - FECHA Y HORA DE LA ÚLTIMA TRANSACCIÓN
campo de control 20250616095022.0
008 - DATOS DE LONGITUD FIJA--INFORMACIÓN GENERAL
campo de control de longitud fija 220828s2023 enk b 000 0 eng
010 ## - NÚMERO DE CONTROL DE LA BIBLIOTECA DEL CONGRESO
Número de control de LC 2022033522
020 ## - NÚMERO INTERNACIONAL ESTÁNDAR DEL LIBRO
Número Internacional Estándar del Libro 9781839767036
040 ## - FUENTE DE LA CATALOGACIÓN
Centro catalogador/agencia de origen LBSOR/DLC
Lengua de catalogación eng
Normas de descripción rda
Centro/agencia transcriptor DLC
Centro/agencia modificador DLC
041 ## - CÓDIGO DE LENGUA
Código de lengua del texto/banda sonora o título independiente eng
042 ## - CÓDIGO DE AUTENTICACIÓN
Código de autenticación pcc
050 00 - SIGNATURA TOPOGRÁFICA DE LA BIBLIOTECA DEL CONGRESO
Número de clasificación BF531
Número de documento/Ítem .G68 2023
100 ## - ENTRADA PRINCIPAL--NOMBRE DE PERSONA
Nombre de persona Gotby, Alva,
Término indicativo de función/relación author.
9 (RLIN) 25409
245 10 - MENCIÓN DE TÍTULO
Título They call it love
Resto del título : the politics of emotional life
Mención de responsabilidad, etc. / Alva Gotby.
264 #1 - PRODUCCIÓN, PUBLICACIÓN, DISTRIBUCIÓN, FABRICACIÓN Y COPYRIGHT
Producción, publicación, distribución, fabricación y copyright London ;
-- New York :
Nombre del de productor, editor, distribuidor, fabricante Verso,
Fecha de producción, publicación, distribución, fabricación o copyright 2023.
300 ## - DESCRIPCIÓN FÍSICA
Extensión xxiii, 167 pages ;
Dimensiones 22 cm
504 ## - NOTA DE BIBLIOGRAFÍA, ETC.
Nota de bibliografía, etc. Includes bibliographical references.
505 0# - NOTA DE CONTENIDO CON FORMATO
Nota de contenido con formato Emotional reproduction —<br/><br/>The political economy of love —<br/><br/>Gendering work —<br/><br/>Feminist emotions —<br/><br/>A different feeling.
520 ## - SUMARIO, ETC.
Sumario, etc. Comforting a family member or friend, soothing children, providing company for the elderly, ensuring that people feel well enough to work; this is all essential labour. Without it, capitalism would cease to function. They Call It Love investigates the work that makes a haven in a heartless world, examining who performs this labour, how it is organised, and how it might change. In this groundbreaking book, Alva Gotby calls this work 'emotional reproduction', unveiling its inherently political nature. It not only ensures people's well-being but creates sentimental attachments to social hierarchy and the status quo. Drawing on the thought of the feminist movement Wages for Housework, Gotby demonstrates that emotion is a key element of capitalist reproduction. To improve the way we relate to one another will require a radical restructuring of society.
Fuente proveedora Provided by publisher.
650 #0 - PUNTO DE ACCESO ADICIONAL DE MATERIA--TÉRMINO DE MATERIA
Término de materia o nombre geográfico como elemento de entrada Work
Subdivisión general Psychological aspects
9 (RLIN) 8000
650 #0 - PUNTO DE ACCESO ADICIONAL DE MATERIA--TÉRMINO DE MATERIA
Término de materia o nombre geográfico como elemento de entrada Capitalism
Subdivisión general Psychological aspects
9 (RLIN) 11409
650 #0 - PUNTO DE ACCESO ADICIONAL DE MATERIA--TÉRMINO DE MATERIA
Término de materia o nombre geográfico como elemento de entrada Women caregivers
Subdivisión general Psychology.
650 #0 - PUNTO DE ACCESO ADICIONAL DE MATERIA--TÉRMINO DE MATERIA
Término de materia o nombre geográfico como elemento de entrada Women caregivers
Subdivisión general Social conditions.
650 #0 - PUNTO DE ACCESO ADICIONAL DE MATERIA--TÉRMINO DE MATERIA
Término de materia o nombre geográfico como elemento de entrada Feminist theory.
9 (RLIN) 24369
942 ## - ELEMENTOS DE ENTRADA AGREGADA (KOHA)
Fuente del sistema de clasificación o colocación Clasificación de Library of Congress
Holdings
Estado de retiro Estado de pérdida Fuente del sistema de clasificación o colocación Estado dañado No para préstamo Biblioteca de origen Biblioteca actual Fecha de adquisición Total de préstamos Signatura topográfica completa Código de barras Fecha visto por última vez Número de copia Precio válido a partir de Tipo de ítem Koha
    Clasificación de Library of Congress     TBS Barcelona TBS Barcelona 12/06/2025   BF531 GOT B07550 12/06/2025 1 12/06/2025 Book

Powered by Koha